| 000 | 00510nam a2200193Ia 4500 | ||
|---|---|---|---|
| 005 | 20250508165652.0 | ||
| 008 | 008 250505s9999 xx 000 0 eng d | ||
| 037 | _aTextual | ||
| 040 |
_aFEDL _beng _cFEDL |
||
| 041 |
_aeng _2eng |
||
| 084 |
_a530, WIL _qFEDL |
||
| 100 |
_aWilber Ken Ed. _9621291 |
||
| 245 | 0 | _aQuantum questions | |
| 260 |
_aBoston, USA _bNew Science Library _c1984 |
||
| 300 | _ax,208p. | ||
| 365 |
_aUSD _b12.95 |
||
| 942 |
_cTEXL _h530, WIL |
||
| 999 |
_c1396630 _d1396630 |
||